Assignment WRITING IN UNIVERSITY

Bibliographic Details
Main Author: Mohd Ghani Awang
Format: Book
Published: Pahang : Penerbit Universiti Malaysia Pahang 2014
Subjects:

MARC

LEADER 00000cam a2200000 7i4500
001 0000118780
005 20160613.0
008 160613t20142014my f ab0000 eng
020 |a 9789670691176 
040 |a PERPUSTAM   |b eng   |c PERPUSTAM 
090 0 0 |a 808.02   |b MGA 
100 0 |a Mohd Ghani Awang 
245 1 0 |a Assignment WRITING IN UNIVERSITY   |c MOHD GHANI AWANG 
264 1 |a Pahang :   |b Penerbit Universiti Malaysia Pahang   |c 2014 
300 |a ix,48 pages ;   |c 23cm. 
336 |a text, rdacontent 
337 |a unmediated  |2 rdamedia 
338 |a volume  |2 rdacarrier 
650 0 0 |a Academic writing 
999 |a 0000396762   |b Buku   |c Rak Terbuka   |e Perbadanan Perpustakaan Awam Melaka 
999 |a 0000396763   |b Buku   |c Rak Terbuka   |e Perpustakaan Cawangan Jasin 
999 |a 0000396764   |b Buku   |c Rak Terbuka   |e Perpustakaan Cawangan Masjid Tanah 
999 |a 0000396765   |b Buku   |c Rak Terbuka   |e Perpustakaan Cawangan Merlimau 
999 |a 0000396766   |b Buku   |c Rak Terbuka   |e Perbadanan Perpustakaan Awam Melaka 
999 |a 0000396767   |b Buku   |c Rak Terbuka   |e Perbadanan Perpustakaan Awam Melaka 
999 |a 0000396768   |b Buku   |c Rak Terbuka   |e Perbadanan Perpustakaan Awam Melaka 
999 |a 0000396769   |b Buku   |c Rak Terbuka   |e Perbadanan Perpustakaan Awam Melaka 
999 |a 0000396770   |b Buku   |c Rak Terbuka   |e Perpustakaan Komuniti UTC Melaka